| 000 | 00000nam 2200000zi 4500 |
| 001 | 9.937945 |
| 003 | CaOODSP |
| 005 | 20250403110804 |
| 006 | m o d f |
| 007 | cr mn||||||||| |
| 008 | 240508t20242024oncd obs f000 0 fre d |
| 020 | |a9780660718224 |
| 040 | |aCaOODSP|bfre|erda|cCaOODSP |
| 043 | |an-cn--- |
| 086 | 1 |aCS91-620/2024-1F-PDF |
| 245 | 00|aProjections démographiques pour le Canada (2023 à 2073), les provinces et les territoires (2023 à 2048) : |brapport technique sur la méthodologie et les hypothèses. |
| 264 | 1|a[Ottawa] : |bStatistique Canada = Statistics Canada, |c2024. |
| 264 | 4|c©2024 |
| 300 | |a1 ressource en ligne (29 pages) : |bgraphiques |
| 336 | |atext|btxt|2rdacontent/fre |
| 337 | |acomputer|bc|2rdamedia/fre |
| 338 | |aonline resource|bcr|2rdacarrier/fre |
| 500 | |aPublié aussi en anglais sous le titre : Population projections for Canada (2023 to 2073), provinces and territories (2023 to 2048) : technical report on methodology and assumptions. |
| 500 | |a« Date de diffusion : 24 juin 2024. » |
| 504 | |aComprend des références bibliographiques (pages 27-29). |
| 520 | |a« Ce rapport vise à décrire la méthodologie utilisée pour le calcul des paramètres de projection ainsi que les différentes hypothèses et leur justification » -- Fourni par l'éditeur. |
| 650 | 6|aPrévision démographique|zCanada|xMéthodes statistiques. |
| 651 | 6|aCanada|xPopulation|xMéthodes statistiques. |
| 655 | 7|aStatistiques|2rvmgf |
| 710 | 2 |aStatistique Canada, |eorganisme de publication. |
| 775 | 08|tPopulation projections for Canada (2023 to 2073), provinces and territories (2023 to 2048) : |w(CaOODSP)9.937943 |
| 795 | |tProjections démographiques pour le Canada (2021 à 2068), les provinces et les territoires (2021 à 2043) : |w(CaOODSP)9.913832 |
| 856 | 40|qPDF|s585 Ko|uhttps://publications.gc.ca/collections/collection_2024/statcan/91-620-x2024001-fra.pdf |
| 856 | 4 |qHTML|sS.O.|uhttps://www150.statcan.gc.ca/n1/pub/91-620-x/91-620-x2024001-fra.htm |